000 nam a22 7a 4500
999 _c126428
_d126428
008 170412b xxu||||| |||| 00| 0 eng d
050 _aRA644.A25 H252
100 _aAfrican Jesuits AIDS Network (AJAN)
_938933
245 _aA Happy Generation
_bpromoting integral development of young people
_cAJAN
260 _aNairobi
_bPaulines Publications Africa
_c2016
300 _a231p. ;
_c24cm.
650 _aAIDS (Disease)
_zAfrica
_926556
942 _2lcc
_cMONOGRAPH